[Event "SVK Extraliga 2019-20"]
[Site "Slovakia"]
[Date "2020.09.05"]
[Round "10.7"]
[White "Danada, Tomas"]
[Black "Veres, Andrej"]
[Result "1-0"]
[WhiteElo "2323"]
[BlackElo "2229"]
[Annotator "ChessBase"]
[PlyCount "81"]
[EventDate "2019.10.19"]
[EventType "team-tourn"]
[EventCountry "SVK"]
[SourceTitle "playchess.com"]
[Source "ChessBase"]
[SourceQuality "1"]
[WhiteTeam "Prakovce"]
[BlackTeam "Dubnica"]
[TimeControl "40/5400+30:1800+30"]

1. Nf3 {[%emt 0:00:00]} Nf6 {[%emt 0:00:26]} 2. c4 {[%emt 0:00:00]} e6 {[%emt 0:00:42]} 3. g3 {[%emt 0:00:33]} d5 {[%emt 0:00:56]} 4. Bg2 {[%emt 0:00:12]} dxc4 {[%emt 0:07:33]} 5. Qa4+ {[%emt 0:02:35]} Nbd7 {[%emt 0:02:00]} 6. O-O {[%emt 0:01:16]} a6 {[%emt 0:02:26]} 7. Qxc4 {[%emt 0:00:10]} b5 {[%emt 0:01:01]} 8. Qc2 {[%emt 0:00:03]} Bb7 {[%emt 0:00:43]} 9. b3 {[%emt 0:00:44]} c5 {[%emt 0:05:48]} 10. Bb2 {[%emt 0:01:09]} Be7 {[%emt 0:01:09]} 11. d3 {[%emt 0:00:25]} O-O {[%emt 0:01:08]} 12. Nbd2 {[%emt 0:00:07]} Rc8 {[%emt 0:01:10]} 13. Rac1 {[%emt 0:01:50]} Qb6 {[%emt 0:08:14]} 14. Qb1 {[%emt 0:01:29]} Rfd8 {[%emt 0:03:55]} 15. Rfd1 {[%emt 0:03:32]} Qa7 {[%emt 0:14:36]} 16. e4 {[%emt 0:04:15]} Qa8 {[%emt 0:04:00]} 17. h4 {[%emt 0:04:49]} Ne8 {[%emt 0:07:43]} 18. e5 {[%emt 0:04:41]} Nb6 {[%emt 0:03:22]} 19. Ne1 {[%emt 0:03:48]} Bxg2 {[%emt 0:03:28]} 20. Nxg2 {[%emt 0:00:07]} a5 {[%emt 0:01:07]} 21. Ne3 {[%emt 0:03:36]} Nc7 {[%emt 0:08:05]} 22. h5 {[%emt 0:05:38]} Ncd5 {[%emt 0:02:09]} 23. Ng4 {[%emt 0:00:24]} h6 {[%emt 0:01:44]} 24. Ne4 {[%emt 0:09:55]} a4 {[%emt 0:05:09]} 25. Ba1 {[%emt 0:06:07]} Nb4 {[%emt 0:04:29]} 26. Bc3 {[%emt 0:05:23]} axb3 {[%emt 0:03:16]} 27. axb3 {[%emt 0:01:08]} Na2 {[%emt 0:00:34]} 28. Rc2 {[%emt 0:04:00]} Nxc3 {[%emt 0:00:23]} 29. Rxc3 {[%emt 0:00:25]} c4 {[%emt 0:01:21]} 30. bxc4 {[%emt 0:01:13]} Na4 {[%emt 0:02:19]} 31. Rcc1 {[%emt 0:09:06]} Ba3 {[%emt 0:01:13]} 32. Nd6 {[%emt 0:07:58]} Bxd6 {[%emt 0:02:16]} 33. exd6 {[%emt 0:00:07]} Qf3 {[%emt 0:00:57]} 34. d7 {[%emt 0:10:33]} Rb8 {[%emt 0:00:09]} 35. Ne5 {[%emt 0:02:38]} Qb7 {[%emt 0:01:16]} 36. c5 {[%emt 0:00:01]} Qc7 {[%emt 0:00:27]} 37. Re1 {[%emt 0:04:10]} b4 {[%emt 0:00:44]} 38. d4 {[%emt 0:00:52]} Nc3 {[%emt 0:00:18]} 39. Qb3 {[%emt 0:00:20]} Nd5 {[%emt 0:00:09]} 40. c6 {[%emt 0:01:06]} Rb6 {[%emt 0:00:28]} 41. Rc5 {[%emt 0:33:16]} 1-0

[Event "SVK Extraliga 2019-20"]
[Site "Slovakia"]
[Date "2020.09.05"]
[Round "10.7"]
[White "Kravec, Patrik"]
[Black "Kapolkova, Greta"]
[Result "1-0"]
[WhiteElo "2126"]
[BlackElo "1567"]
[Annotator "NA"]
[PlyCount "73"]
[EventDate "2019.10.19"]
[EventType "team-tourn"]
[EventCountry "SVK"]
[SourceTitle "playchess.com"]
[Source "ChessBase"]
[SourceQuality "1"]
[WhiteTeam "Snina"]
[TimeControl "40/5400+30:1800+30"]

1. c4 {[%emt 0:02:49]} e5 {[%emt 0:00:22]} 2. Nc3 {[%emt 0:01:09]} Bc5 {[%emt 0:02:54]} 3. e3 {[%emt 0:00:41]} Nc6 {[%emt 0:01:32]} 4. g3 {[%emt 0:00:47]} d6 {[%emt 0:03:06]} 5. d3 {[%emt 0:02:05]} f5 {[%emt 0:03:33]} 6. Bg2 {[%emt 0:00:57]} Nf6 {[%emt 0:00:32]} 7. Nge2 {[%emt 0:03:29]} O-O {[%emt 0:03:40]} 8. O-O {[%emt 0:02:53]} Be6 {[%emt 0:02:49]} 9. d4 {[%emt 0:01:22]} exd4 {[%emt 0:15:57]} 10. exd4 {[%emt 0:00:09]} Bxd4 {[%emt 0:04:05]} 11. Nxd4 {[%emt 0:00:18]} Bxc4 {[%emt 0:00:22]} 12. Re1 {[%emt 0:03:51]} Qd7 {[%emt 0:00:37]} 13. Nxc6 {[%emt 0:01:59]} bxc6 {[%emt 0:00:23]} 14. Qa4 {[%emt 0:01:48]} Bb5 {[%emt 0:01:46]} 15. Nxb5 {[%emt 0:01:01]} cxb5 {[%emt 0:00:11]} 16. Qb3+ {[%emt 0:00:18]} d5 {[%emt 0:00:48]} 17. Be3 {[%emt 0:05:28]} c6 {[%emt 0:01:32]} 18. Rac1 {[%emt 0:01:56]} a6 {[%emt 0:03:02]} 19. Qc3 {[%emt 0:05:02]} Rac8 {[%emt 0:01:16]} 20. Qc5 {[%emt 0:04:31]} Ne4 {[%emt 0:04:58]} 21. Qa7 {[%emt 0:08:58]} Qxa7 {[%emt 0:00:34]} 22. Bxa7 {[%emt 0:00:07]} Rfe8 {[%emt 0:09:06]} 23. f3 {[%emt 0:06:26]} Nf6 {[%emt 0:01:51]} 24. Rxe8+ {[%emt 0:02:31]} Nxe8 {[%emt 0:00:42]} 25. f4 {[%emt 0:00:22]} Nf6 {[%emt 0:01:40]} 26. Bd4 {[%emt 0:02:28]} Ne4 {[%emt 0:00:24]} 27. Bxe4 {[%emt 0:01:24]} fxe4 {[%emt 0:00:44]} 28. b4 {[%emt 0:01:14]} g6 {[%emt 0:01:47]} 29. g4 {[%emt 0:03:45]} Kf7 {[%emt 0:03:15]} 30. f5 {[%emt 0:04:33]} g5 {[%emt 0:03:36]} 31. Rc3 {[%emt 0:02:50]} Rc7 {[%emt 0:06:01]} 32. Rh3 {[%emt 0:01:48]} Kg8 {[%emt 0:01:08]} 33. Rh5 {[%emt 0:04:55]} a5 {[%emt 0:02:52]} 34. a3 {[%emt 0:01:18]} axb4 {[%emt 0:00:48]} 35. axb4 {[%emt 0:00:05]} Re7 {[%emt 0:01:44]} 36. Rxg5+ {[%emt 0:00:25]} Kf8 {[%emt 0:00:11]} 37. Bc5 {[%emt 0:00:12]} 1-0

[Event "SVK Extraliga 2019-20"]
[Site "Slovakia"]
[Date "2020.09.05"]
[Round "10.7"]
[White "Hanko, Pavol"]
[Black "Gazik, Igor"]
[Result "1/2-1/2"]
[WhiteElo "2104"]
[BlackElo "2221"]
[Annotator "ChessBase"]
[PlyCount "47"]
[EventDate "2019.10.19"]
[EventType "team-tourn"]
[EventCountry "SVK"]
[SourceTitle "playchess.com"]
[Source "ChessBase"]
[SourceQuality "1"]
[WhiteTeam "Dunajov"]
[BlackTeam "Podhajska"]
[TimeControl "40/5400+30:1800+30"]

1. d4 {[%emt 0:00:00]} d6 {[%emt 0:02:45]} 2. Nf3 {[%emt 0:00:20]} Nd7 {[%emt 0:03:58]} 3. c4 {[%emt 0:04:11]} e5 {[%emt 0:01:11]} 4. e4 {[%emt 0:02:01]} g6 {[%emt 0:00:33]} 5. dxe5 {[%emt 0:02:51]} dxe5 {[%emt 0:00:06]} 6. Nc3 {[%emt 0:00:24]} c6 {[%emt 0:02:18]} 7. Be2 {[%emt 0:00:25]} Ngf6 {[%emt 0:00:36]} 8. O-O {[%emt 0:00:26]} Qc7 {[%emt 0:03:57]} 9. b3 {[%emt 0:11:33]} Bb4 {[%emt 0:05:34]} 10. Qc2 {[%emt 0:00:44]} b6 {[%emt 0:14:04]} 11. Bb2 {[%emt 0:07:21]} Bb7 {[%emt 0:06:03]} 12. a3 {[%emt 0:04:11]} Bxc3 {[%emt 0:02:39]} 13. Bxc3 {[%emt 0:00:28]} c5 {[%emt 0:01:24]} 14. Nxe5 {[%emt 0:08:31]} Nxe5 {[%emt 0:04:04]} 15. f4 {[%emt 0:01:31]} Bxe4 {[%emt 0:08:12]} 16. Qb2 {[%emt 0:07:34]} Ned7 {[%emt 0:07:47]} 17. Bxf6 {[%emt 0:07:30]} Nxf6 {[%emt 0:00:14]} 18. Qxf6 {[%emt 0:00:30]} O-O {[%emt 0:00:02]} 19. Bf3 {[%emt 0:00:36]} Rfe8 {[%emt 0:03:45]} 20. Bxe4 {[%emt 0:07:47]} Rxe4 {[%emt 0:05:54]} 21. Rae1 {[%emt 0:00:30]} Rae8 {[%emt 0:03:14]} 22. Rxe4 {[%emt 0:01:21]} Rxe4 {[%emt 0:00:05]} 23. Rd1 {[%emt 0:00:15]} Re8 {[%emt 0:00:13]} 24. h3 1/2-1/2

[Event "SVK Extraliga 2019-20"]
[Site "Slovakia"]
[Date "2020.09.05"]
[Round "10.7"]
[White "Nadzamova, Viktoria"]
[Black "Zetocha, Claudiu"]
[Result "1-0"]
[WhiteElo "1946"]
[BlackElo "2303"]
[Annotator "ChessBase"]
[PlyCount "112"]
[EventDate "2019.10.19"]
[EventType "team-tourn"]
[EventCountry "SVK"]
[SourceTitle "playchess.com"]
[Source "ChessBase"]
[SourceQuality "1"]
[WhiteTeam "Kosice"]
[BlackTeam "Slovan"]
[TimeControl "40/5400+30:1800+30"]

1. e4 {[%emt 0:00:00]} e5 {[%emt 0:00:29]} 2. Nf3 {[%emt 0:00:00]} Nc6 {[%emt 0:00:22]} 3. Bb5 {[%emt 0:00:00]} a6 {[%emt 0:00:53]} 4. Ba4 {[%emt 0:00:29]} Nf6 {[%emt 0:00:46]} 5. O-O {[%emt 0:03:00]} Be7 {[%emt 0:02:29]} 6. Re1 {[%emt 0:01:39]} b5 {[%emt 0:01:53]} 7. Bb3 {[%emt 0:00:27]} O-O {[%emt 0:00:15]} 8. c3 {[%emt 0:01:35]} d6 {[%emt 0:01:41]} 9. h3 {[%emt 0:02:30]} Nb8 {[%emt 0:01:56]} 10. d4 {[%emt 0:01:56]} Nbd7 {[%emt 0:00:35]} 11. Nbd2 {[%emt 0:03:09]} Bb7 {[%emt 0:05:06]} 12. a4 {[%emt 0:03:07]} h6 {[%emt 0:11:23]} 13. Nh4 {[%emt 0:27:01]} Nxe4 {[%emt 0:21:19]} 14. Ng6 {[%emt 0:00:28]} Nxd2 {[%emt 0:00:24]} 15. Bxd2 {[%emt 0:01:38]} Re8 {[%emt 0:02:12]} 16. Qh5 {[%emt 0:07:09]} Bg5 {[%emt 0:11:01]} 17. f4 {[%emt 0:16:50]} Nf6 {[%emt 0:14:30]} 18. Bxf7+ {[%emt 0:00:59]} Kxf7 {[%emt 0:00:31]} 19. Nxe5+ {[%emt 0:00:11]} Kg8 {[%emt 0:00:09]} 20. Qf7+ {[%emt 0:00:22]} Kh7 {[%emt 0:00:22]} 21. Qg6+ {[%emt 0:01:37]} Kg8 {[%emt 0:00:02]} 22. fxg5 {[%emt 0:17:10]} dxe5 {[%emt 0:01:43]} 23. gxf6 {[%emt 0:00:40]} Qxf6 {[%emt 0:00:19]} 24. Qxf6 {[%emt 0:00:16]} gxf6 {[%emt 0:00:06]} 25. dxe5 {[%emt 0:00:12]} f5 {[%emt 0:11:26]} 26. Bxh6 {[%emt 0:02:18]} Kf7 {[%emt 0:00:33]} 27. axb5 {[%emt 0:00:55]} axb5 {[%emt 0:00:04]} 28. Rxa8 {[%emt 0:01:03]} Bxa8 {[%emt 0:00:41]} 29. Bf4 {[%emt 0:01:32]} Ke6 {[%emt 0:00:33]} 30. Ra1 {[%emt 0:00:47]} Be4 {[%emt 0:01:29]} 31. Ra7 {[%emt 0:03:20]} Re7 {[%emt 0:00:54]} 32. Ra6+ {[%emt 0:01:03]} Kd5 {[%emt 0:02:57]} 33. Kf2 {[%emt 0:01:35]} Kc4 {[%emt 0:01:24]} 34. h4 {[%emt 0:01:23]} Kb3 {[%emt 0:00:39]} 35. h5 {[%emt 0:00:35]} c6 {[%emt 0:00:50]} 36. h6 {[%emt 0:00:31]} Bd5 {[%emt 0:00:35]} 37. Bg5 {[%emt 0:00:30]} Rh7 {[%emt 0:00:25]} 38. Ra8 {[%emt 0:00:32]} Kxb2 {[%emt 0:00:22]} 39. Bd2 {[%emt 0:00:24]} Kc2 {[%emt 0:00:07]} 40. Ke1 {[%emt 0:00:00]} Re7 {[%emt 0:00:00]} 41. Bg5 {[%emt 0:02:34]} Rh7 {[%emt 0:04:35]} 42. Re8 {[%emt 0:02:14]} Kxc3 {[%emt 0:12:57]} 43. Re7 {[%emt 0:00:39]} Rh8 {[%emt 0:01:48]} 44. h7 {[%emt 0:00:31]} Bg8 {[%emt 0:00:09]} 45. hxg8=Q {[%emt 0:01:32]} Rxg8 {[%emt 0:00:05]} 46. Bd2+ {[%emt 0:00:09]} Kd4 {[%emt 0:01:40]} 47. Bf4 {[%emt 0:08:05]} Rxg2 {[%emt 0:12:08]} 48. Rd7+ {[%emt 0:00:29]} Kc4 {[%emt 0:01:30]} 49. e6 {[%emt 0:01:20]} Rg4 {[%emt 0:00:19]} 50. Be3 {[%emt 0:04:22]} c5 {[%emt 0:03:05]} 51. e7 {[%emt 0:01:07]} Re4 {[%emt 0:00:02]} 52. Kd2 {[%emt 0:00:14]} b4 {[%emt 0:01:40]} 53. Rc7 {[%emt 0:02:13]} b3 {[%emt 0:01:04]} 54. Rxc5+ {[%emt 0:04:24]} Kb4 {[%emt 0:00:01]} 55. Rc8 {[%emt 0:00:08]} b2 {[%emt 0:02:23]} 56. e8=Q {[%emt 0:00:39]} b1=N+ {[%emt 0:00:08]} 1-0

[Event "SVK Extraliga 2019-20"]
[Site "Slovakia"]
[Date "2020.09.05"]
[Round "10.8"]
[White "Petran, Peter"]
[Black "Jurcisin, Imrich"]
[Result "1-0"]
[WhiteElo "2248"]
[BlackElo "2077"]
[Annotator "ChessBase"]
[PlyCount "65"]
[EventDate "2019.10.19"]
[EventType "team-tourn"]
[EventCountry "SVK"]
[SourceTitle "playchess.com"]
[Source "ChessBase"]
[SourceQuality "1"]
[WhiteTeam "Slovan"]
[BlackTeam "Kosice"]
[TimeControl "40/5400+30:1800+30"]

1. g3 {[%emt 0:00:00]} c5 {[%emt 0:00:21]} 2. Bg2 {[%emt 0:00:00]} Nc6 {[%emt 0:00:10]} 3. e4 {[%emt 0:01:03]} Nf6 {[%emt 0:00:17]} 4. d3 {[%emt 0:02:09]} d6 {[%emt 0:01:11]} 5. Ne2 {[%emt 0:00:47]} g6 {[%emt 0:00:35]} 6. O-O {[%emt 0:00:19]} Bg7 {[%emt 0:00:05]} 7. h3 {[%emt 0:00:16]} O-O {[%emt 0:00:13]} 8. Be3 {[%emt 0:00:11]} Rb8 {[%emt 0:01:30]} 9. c3 {[%emt 0:01:37]} b5 {[%emt 0:02:58]} 10. d4 {[%emt 0:00:15]} cxd4 {[%emt 0:02:24]} 11. cxd4 {[%emt 0:00:09]} Qd7 {[%emt 0:12:53]} 12. Nd2 {[%emt 0:02:24]} a5 {[%emt 0:05:11]} 13. f4 {[%emt 0:00:36]} Bb7 {[%emt 0:11:07]} 14. d5 {[%emt 0:09:41]} Nb4 {[%emt 0:01:35]} 15. Nb3 {[%emt 0:00:11]} Rfc8 {[%emt 0:03:36]} 16. Nbd4 {[%emt 0:17:20]} e5 {[%emt 0:03:07]} 17. dxe6 {[%emt 0:01:32]} fxe6 {[%emt 0:00:25]} 18. Nc3 {[%emt 0:02:19]} e5 {[%emt 0:07:10]} 19. Nde2 {[%emt 0:05:09]} a4 {[%emt 0:14:48]} 20. a3 {[%emt 0:12:04]} Na6 {[%emt 0:01:00]} 21. fxe5 {[%emt 0:06:33]} dxe5 {[%emt 0:00:26]} 22. Qxd7 {[%emt 0:00:44]} Nxd7 {[%emt 0:00:09]} 23. Rad1 {[%emt 0:00:33]} Nac5 {[%emt 0:07:31]} 24. h4 {[%emt 0:05:01]} Nf6 {[%emt 0:01:23]} 25. Bh3 {[%emt 0:07:02]} Rc6 {[%emt 0:00:39]} 26. Nd5 {[%emt 0:00:15]} Kh8 {[%emt 0:02:15]} 27. Nxf6 {[%emt 0:01:12]} Bxf6 {[%emt 0:04:18]} 28. Bxc5 {[%emt 0:00:29]} Rxc5 {[%emt 0:00:17]} 29. Rxf6 {[%emt 0:00:18]} Bxe4 {[%emt 0:00:43]} 30. Nc3 {[%emt 0:01:12]} Bc2 {[%emt 0:00:21]} 31. Rd2 {[%emt 0:04:06]} Bb3 {[%emt 0:00:19]} 32. Ra6 {[%emt 0:03:04]} Bc4 {[%emt 0:05:07]} 33. Ra7 {[%emt 0:00:15]} 1-0

[Event "SVK Extraliga 2019-20"]
[Site "Slovakia"]
[Date "2020.09.05"]
[Round "10.8"]
[White "Takacs, Laszlo"]
[Black "Jurcik, Martin"]
[Result "0-1"]
[WhiteElo "2190"]
[BlackElo "2389"]
[Annotator "TA"]
[PlyCount "124"]
[EventDate "2019.10.19"]
[EventType "team-tourn"]
[EventCountry "SVK"]
[SourceTitle "playchess.com"]
[Source "ChessBase"]
[SourceQuality "1"]
[WhiteTeam "Streda"]
[BlackTeam "Dunajov"]

1. e4 c5 2. Nf3 d6 3. d4 Nf6 4. Nc3 cxd4 5. Nxd4 Nbd7 6. Be3 a6 7. f3 e6 8. Bc4 Qc7 9. Bb3 Nc5 10. g4 h6 11. Qd2 b5 12. a4 b4 13. Nce2 d5 14. exd5 Nxb3 15. Nxb3 Nxd5 16. O-O-O Bb7 17. Bf2 Be7 18. Bg3 e5 19. h4 O-O-O 20. Ned4 Nf4 21. Bxf4 exf4 22. Qd3 Rd5 23. Qe2 Re5 24. Qf2 g6 25. h5 Bf6 26. Rd3 Qe7 27. Rhd1 Kb8 28. Kb1 Rc8 29. Qh2 Bg5 30. Nc1 Ka8 31. Nce2 Qf6 32. Nb3 Rce8 33. Ned4 Qe7 34. Qd2 Bf6 35. Qxf4 Bg5 36. Qh2 Qf6 37. Nc1 Bf4 38. Qh1 Qg5 39. hxg6 fxg6 40. Ncb3 Be3 41. Qh3 Qf6 42. Qg3 Bf4 43. Qf2 Be3 44. Qg3 Bf4 45. Qf2 h5 46. gxh5 gxh5 47. Rh1 Qg5 48. Rdd1 Bg3 49. Qf1 Rc8 50. Qh3 h4 51. Ne6 Qf5 52. Nbd4 Qxh3 53. Rxh3 Bd5 54. Ng7 Rf8 55. Rdh1 Rf7 56. f4 Rxf4 57. Rd1 Rf7 58. Ngf5 Rexf5 59. Nxf5 Rxf5 60. Rg1 Rg5 61. c3 b3 62. Ka1 Kb7 0-1

[Event "SVK Extraliga 2019-20"]
[Site "Slovakia"]
[Date "2020.09.05"]
[Round "10.8"]
[White "Szucs, Vladimir"]
[Black "Magat, Jozef"]
[Result "1-0"]
[WhiteElo "2176"]
[BlackElo "2021"]
[Annotator "ChessBase"]
[PlyCount "63"]
[EventDate "2019.10.19"]
[EventType "team-tourn"]
[EventCountry "SVK"]
[SourceTitle "playchess.com"]
[Source "ChessBase"]
[SourceQuality "1"]
[WhiteTeam "Podhajska"]
[BlackTeam "Dunajov"]

1. d4 d6 2. c4 e5 3. d5 f5 4. e4 Nf6 5. exf5 Bxf5 6. Nc3 Be7 7. Nge2 O-O 8. Ng3 Qd7 9. Bd3 Bxd3 10. Qxd3 Na6 11. Qe2 c6 12. O-O cxd5 13. cxd5 Nc7 14. Rd1 b5 15. Nge4 b4 16. Nxf6+ Rxf6 17. Ne4 Rg6 18. Be3 a5 19. Rac1 Ne8 20. Rc6 Nf6 21. Nxf6+ gxf6 22. Rdc1 Bd8 23. f3 f5 24. Kh1 f4 25. Bg1 Qb7 26. Qc4 Rf6 27. Bf2 Rg6 28. Rc8 Kh8 29. Bh4 Rg8 30. Bxd8 Rxd8 31. Rc7 Qb6 32. Qe4 1-0

[Event "SVK Extraliga 2019-20"]
[Site "Slovakia"]
[Date "2020.09.05"]
[Round "10.8"]
[White "Bombek, Peter"]
[Black "Kusiak, Matej"]
[Result "1-0"]
[WhiteElo "2169"]
[BlackElo "2284"]
[Annotator "ChessBase"]
[PlyCount "65"]
[EventDate "2019.10.19"]
[EventType "team-tourn"]
[EventCountry "SVK"]
[SourceTitle "playchess.com"]
[Source "ChessBase"]
[SourceQuality "1"]
[WhiteTeam "Dubnica"]
[BlackTeam "Prakovce"]

1. d4 e6 2. Nf3 Nf6 3. c4 Bb4+ 4. Bd2 Bxd2+ 5. Nbxd2 d6 6. e3 Nc6 7. Bd3 e5 8. O-O O-O 9. a3 Bg4 10. Qc2 Qe7 11. d5 Nb8 12. Bf5 Bxf3 13. Nxf3 g6 14. Bh3 Nh5 15. Rac1 f5 16. c5 Nd7 17. cxd6 cxd6 18. Qc7 Rab8 19. Rfd1 Rfe8 20. g4 Ng7 21. gxf5 gxf5 22. Kh1 Nb6 23. Rg1 Kh8 24. Ng5 Nd7 25. Qxd6 Nf6 26. Rc7 Qxd6 27. Nf7+ Kg8 28. Nxd6 Nfh5 29. Nxe8 Rxe8 30. Bxf5 Kf8 31. Bxh7 Re7 32. d6 Re8 33. Bg6 1-0

[Event "SVK Extraliga 2019-20"]
[Site "Slovakia"]
[Date "2020.09.05"]
[Round "10.8"]
[White "Sobek, Michal"]
[Black "Plachetka, Jan"]
[Result "1/2-1/2"]
[WhiteElo "2113"]
[BlackElo "2305"]
[Annotator "ChessBase"]
[PlyCount "53"]
[EventDate "2019.10.19"]
[EventType "team-tourn"]
[EventCountry "SVK"]
[SourceTitle "playchess.com"]
[Source "ChessBase"]
[SourceQuality "1"]
[WhiteTeam "Modra"]
[BlackTeam "Liptovska"]

1. e4 d6 2. d4 Nf6 3. Nc3 e5 4. dxe5 dxe5 5. Qxd8+ Kxd8 6. Nf3 Bd6 7. Bg5 Be6 8. O-O-O Nbd7 9. Bh4 h6 10. Bg3 Ke7 11. Nd5+ Bxd5 12. exd5 Ne4 13. Re1 f5 14. Bb5 Nxg3 15. fxg3 Nc5 16. Nxe5 Kf6 17. Nd7+ Nxd7 18. Bxd7 Rad8 19. Bb5 Be5 20. Bc4 Rhe8 21. Ref1 g6 22. Rf3 h5 23. Rhf1 Bd6 24. h3 Kg5 25. Bd3 Re5 26. c4 Rde8 27. Kc2 1/2-1/2

[Event "SVK Extraliga 2019-20"]
[Site "Slovakia"]
[Date "2020.09.06"]
[Round "11.1"]
[White "Saric, Ivan"]
[Black "Krejci, Jan"]
[Result "1/2-1/2"]
[WhiteElo "2646"]
[BlackElo "2543"]
[Annotator "TA"]
[PlyCount "64"]
[EventDate "2019.10.19"]
[EventType "team-tourn"]
[EventCountry "SVK"]
[SourceTitle "playchess.com"]
[Source "ChessBase"]
[SourceQuality "1"]
[WhiteTeam "Modra"]
[BlackTeam "Prakovce"]

1. e4 e5 2. Nf3 Nf6 3. Nxe5 d6 4. Nf3 Nxe4 5. Nc3 Nxc3 6. dxc3 Be7 7. Be3 Nc6 8. Qd2 Be6 9. O-O-O Qd7 10. h4 h6 11. b3 Bf6 12. Be2 a6 13. Nd4 Nxd4 14. cxd4 d5 15. Bf4 O-O-O 16. Qa5 Be7 17. Bb5 c6 18. Bd3 Bd6 19. Bxd6 Qxd6 20. Rd2 Rhe8 21. a4 Re7 22. Qb6 Rde8 23. Kb2 Qd7 24. b4 Bf5 25. Bxf5 Qxf5 26. b5 Qf4 27. Rd3 Qc7 28. Qa7 Qa5 29. Rb3 cxb5 30. axb5 Rc7 31. Rc1 Qa4 32. bxa6 Qxa6 1/2-1/2

[Event "SVK Extraliga 2019-20"]
[Site "Slovakia"]
[Date "2020.09.06"]
[Round "11.1"]
[White "Gazik, Viktor"]
[Black "Hracek, Zbynek"]
[Result "1/2-1/2"]
[WhiteElo "2539"]
[BlackElo "2563"]
[Annotator "TA"]
[PlyCount "127"]
[EventDate "2019.10.19"]
[EventType "team-tourn"]
[EventCountry "SVK"]
[SourceTitle "playchess.com"]
[Source "ChessBase"]
[SourceQuality "1"]
[WhiteTeam "Podhajska"]

1. e4 c5 2. Nc3 Nc6 3. Bb5 Nd4 4. Nf3 Nxb5 5. Nxb5 d6 6. d4 Nf6 7. O-O a6 8. Nc3 cxd4 9. Qxd4 e5 10. Qd3 h6 11. Nd2 Be6 12. Nc4 Rc8 13. Ne3 Qc7 14. Bd2 Be7 15. b3 Qc5 16. Rfd1 Qd4 17. Be1 Qxd3 18. Rxd3 b5 19. f3 O-O 20. a4 b4 21. Ncd1 a5 22. Nb2 Rc5 23. Rad1 Rfc8 24. Nbc4 Bxc4 25. Nxc4 Rxc4 26. bxc4 Rxc4 27. c3 b3 28. Rb1 Rxa4 29. c4 Rxc4 30. Bxa5 d5 31. exd5 Bc5+ 32. Kf1 Bd4 33. d6 b2 34. Bd2 Nd7 35. Ke2 Rc6 36. Be3 Rxd6 37. Bxd4 exd4 38. Rxb2 Nc5 39. Ra3 g6 40. Ra7 Kg7 41. Kd2 h5 42. Rb5 Rc6 43. h4 Kf6 44. Rb8 Kg7 45. Re8 Nb3+ 46. Ke2 Rc2+ 47. Kf1 Nd2+ 48. Ke1 Nc4 49. Ree7 Nd6 50. Red7 Rc6 51. Ke2 Kf6 52. g4 hxg4 53. fxg4 Ke5 54. Ra5+ Ke6 55. Rd8 Ke7 56. Rh8 Rc3 57. h5 gxh5 58. gxh5 d3+ 59. Kd1 Nc4 60. Ra7+ Kf6 61. Ra6+ Ke7 62. Ra7+ Kf6 63. Ra6+ Ke7 64. Ra7+ 1/2-1/2

[Event "SVK Extraliga 2019-20"]
[Site "Slovakia"]
[Date "2020.09.06"]
[Round "11.1"]
[White "Ftacnik, Lubomir"]
[Black "Navara, David"]
[Result "1-0"]
[WhiteElo "2510"]
[BlackElo "2719"]
[Annotator "TA"]
[PlyCount "67"]
[EventDate "2019.10.19"]
[EventType "team-tourn"]
[EventCountry "SVK"]
[SourceTitle "playchess.com"]
[Source "ChessBase"]
[SourceQuality "1"]
[WhiteTeam "Slovan"]
[BlackTeam "Snina"]

1. d4 d5 2. c4 c6 3. Nf3 Nf6 4. Nc3 e6 5. e3 Nbd7 6. Qc2 Bd6 7. b3 O-O 8. Be2 b6 9. O-O Bb7 10. Bb2 Qe7 11. Rad1 Rfe8 12. Rfe1 Rad8 13. Bf1 e5 14. cxd5 e4 15. Ne5 Nxe5 16. dxe5 Bxe5 17. dxc6 Bxh2+ 18. Kxh2 Ng4+ 19. Kg1 Qh4 20. Bb5 Qh2+ 21. Kf1 Qh1+ 22. Ke2 Qxg2 23. Nxe4 Rxd1 24. Rxd1 Bc8 25. c7 Nxf2 26. Nxf2 Bg4+ 27. Kd2 Qxf2+ 28. Kc1 Qxe3+ 29. Qd2 Qc5+ 30. Qc3 Qg5+ 31. Kb1 Rf8 32. Rd8 Bc8 33. a4 a6 34. Qd4 1-0

[Event "SVK Extraliga 2019-20"]
[Site "Slovakia"]
[Date "2020.09.06"]
[Round "11.1"]
[White "Petenyi, Tamas"]
[Black "Antoniewski, Rafal"]
[Result "1/2-1/2"]
[WhiteElo "2468"]
[BlackElo "2490"]
[Annotator "TA"]
[PlyCount "37"]
[EventDate "2019.10.19"]
[EventType "team-tourn"]
[EventCountry "SVK"]
[SourceTitle "playchess.com"]
[Source "ChessBase"]
[SourceQuality "1"]
[WhiteTeam "Streda"]
[BlackTeam "Dunajov"]

1. e4 e5 2. Nf3 Nf6 3. Nxe5 d6 4. Nf3 Nxe4 5. Qe2 Qe7 6. d3 Nf6 7. Bg5 Qxe2+ 8. Bxe2 Be7 9. Nc3 h6 10. Bh4 c6 11. O-O-O Na6 12. d4 Nc7 13. Rhe1 Be6 14. Bd3 O-O-O 15. h3 Rhe8 16. Bg3 Nfd5 17. Nxd5 Bxd5 18. Re3 Bf6 19. a3 1/2-1/2

[Event "SVK Extraliga 2019-20"]
[Site "Slovakia"]
[Date "2020.09.06"]
[Round "11.1"]
[White "Cernousek, Lukas"]
[Black "Cvek, Robert"]
[Result "1/2-1/2"]
[WhiteElo "2460"]
[BlackElo "2487"]
[Annotator "TA"]
[PlyCount "32"]
[EventDate "2019.10.19"]
[EventType "team-tourn"]
[EventCountry "SVK"]
[SourceTitle "playchess.com"]
[Source "ChessBase"]
[SourceQuality "1"]
[WhiteTeam "Dubnica"]
[BlackTeam "Osuske"]

1. f4 d5 2. Nf3 g6 3. g3 Bg7 4. Bg2 Nf6 5. O-O O-O 6. d3 c5 7. c3 Nc6 8. Qe1 d4 9. Na3 Be6 10. Bd2 Qd7 11. Ng5 Bf5 12. Nc4 Nd5 13. Rc1 Rac8 14. Nf3 Bh3 15. Qf2 Bxg2 16. Qxg2 Rfd8 1/2-1/2

[Event "SVK Extraliga 2019-20"]
[Site "Slovakia"]
[Date "2020.09.06"]
[Round "11.1"]
[White "Sahidi, Samir"]
[Black "Stocek, Jiri"]
[Result "0-1"]
[WhiteElo "2400"]
[BlackElo "2595"]
[Annotator "TA"]
[PlyCount "84"]
[EventDate "2019.10.19"]
[EventType "team-tourn"]
[EventCountry "SVK"]
[SourceTitle "playchess.com"]
[Source "ChessBase"]
[SourceQuality "1"]
[BlackTeam "Kosice"]

1. e4 c5 2. Nf3 d6 3. d4 cxd4 4. Nxd4 Nf6 5. Nc3 a6 6. Be3 e5 7. Nb3 Be6 8. Qd2 Nbd7 9. f3 h5 10. Be2 Rc8 11. O-O Be7 12. a4 O-O 13. a5 Qc7 14. Rfd1 Rfd8 15. Bf1 Nc5 16. Nxc5 dxc5 17. Qe1 Rxd1 18. Nxd1 c4 19. Bf2 Bc5 20. Qc3 Rd8 21. Bxc5 Qxc5+ 22. Ne3 h4 23. b4 Qc7 24. Rd1 Rxd1 25. Nxd1 Nd7 26. Ne3 b6 27. axb6 Nxb6 28. Qa3 Qd6 29. Kf2 g6 30. c3 Qd2+ 31. Be2 Nd7 32. Nd1 Nf6 33. Ne3 Nh5 34. Nf1 Qc2 35. Ne3 Qb1 36. Qxa6 Nf4 37. Qa4 Nxe2 38. Qe8+ Kg7 39. Qb8 Nc1 40. Qxe5+ Kh7 41. Qg5 Nd3+ 42. Ke2 Qe1# 0-1